Kluby Premier League 23/24 - Statystyki

Ogólne statystyki
  • Ten quiz został rozwiązany 79 razy
  • Średni wynik to 14 z 20
Statystyki odpowiedzi
Miejsce w
Poprzednim
Sezonie
Odpowiedź % Poprawnych
2. Arsenal
97%
1. Manchester City
97%
3. Manchester United
97%
5. Liverpool
96%
12. Chelsea
91%
7. Aston Villa
82%
4. Newcastle
81%
8. Tottenham
81%
14. West Ham
78%
17. Everton
76%
Awans z Championship Luton Town
70%
6. Brighton
64%
10. Fullham
63%
11. Crystal Palace
61%
Awans zChampionship Burnley
60%
13. Wolverhampton
60%
9. Brentford
57%
Awans z Championship Sheffield United
52%
16. Nottingham Forest
49%
15. Bournemouth
36%
Nie znaleziono quizów pasujących do podanych kryteriów
Rozkład punktacji
Procent ludzi z każdym wynikiem
Percentyl według liczby udzielonych odpowiedzi
Twoja historia wyników
Nie rozwiązałeś tego quizu